| 000 | 00992nam a2200241Ia 4500 | ||
|---|---|---|---|
| 003 | Ost | ||
| 005 | 20260507075412.0 | ||
| 008 | 260507s9999||||xx |||||||||||||| ||und|| | ||
| 040 | _cfsecg | ||
| 041 | _aara | ||
| 082 | _a330 | ||
| 100 |
_aشناف، فريد _eمؤلف |
||
| 245 | 0 |
_aمدخل للموازنة التقديرية للإنتاج / _c فريد شناف |
|
| 260 |
_aالجزائر: _bدار المحمدية للنشر, _c[دون تاريخ] |
||
| 300 |
_a110 صفحة؛ _bإيضاحات ؛ _c22 سم |
||
| 504 | _aالمراجع ص.109 | ||
| 520 | _aيضم دراسة نظرية حول الموازنات التقديرية، الموازنة التقديرية للإنتاج، دراسة تطبيقية لقسم التنقيب( شركة سوناطراك) | ||
| 653 | _aإدارة الإنتاج | ||
| 653 | _aالإدارة المالية | ||
| 653 | _aالمحاسبة الإدارية | ||
| 653 | _aالميزانيات التقديرية | ||
| 942 | _cكتاب | ||
| 999 |
_c44418 _d44418 |
||